000 00589nam a2200217Ia 4500
003 OSt
005 20220925232747.0
006 a|||||r|||| 00| 0
007 ta
008 220923b |||||||| |||| 00| 0 eng d
037 _cGeneral Book
040 _aRTL
_cRTL
_beng
041 _2eng
_aeng
082 _aX:8F0K87, J8
100 _aWittner H. S
_9297707
245 0 _aExecutives guide to accounting
260 _aNew Jersey
_bPrentice Hall Inc.
_c1958
300 _a318p
_ccm.
942 _hX:8F0K87, J8
_cGB
_2CC
999 _c592102
_d592102